Nghĩ lớn hành động lớn hơn Thành công từ nỗ lực không ngừng

Đã lưu trong:
Bibliografiske detaljer
Hovedforfatter: Hayzlett, Jeffrey
Andre forfattere: Nguyễn, Tư Thắng (Dịch), Eber, Jim
Format: Bog
Sprog:Vietnamese
Udgivet: Thanh Hóa Thanh Hóa 2018
Fag:
Tags: Tilføj Tag
Ingen Tags, Vær først til at tagge denne postø!
Thư viện lưu trữ: Trung tâm Học liệu Lê Vũ Hùng, Trường Đại học Đồng Tháp
LEADER 00954nam a22002898a 4500
001 00042785
005 20181107141115.0
008 171101s2017####-vm#################vie|d
020 # # |c 99000  |a 978 604 74 3542 5 
041 0 # |a vie 
082 # # |a 650.4  |b NGH300L 
100 1 # |a Hayzlett, Jeffrey 
245 1 0 |a Nghĩ lớn hành động lớn hơn  |c Jeffrey Hayzlett; Jim Eber; Nguyễn Tư Thắng  |b Thành công từ nỗ lực không ngừng 
260 # # |a Thanh Hóa  |b Thanh Hóa  |c 2018 
300 # # |a 262 tr.  |c 21 cm. 
653 # # |a Bí quyết 
653 # # |a Chiến lược 
653 # # |a Thành công 
653 # # |a Quản lí 
653 # # |a Kế hoạch 
653 # # |a Kinh doanh 
700 1 # |a Nguyễn, Tư Thắng  |e Dịch 
700 1 # |a Eber, Jim 
852 # # |j KD.0024395  |j KM.0025628 
910 |d 19/10/2018 
980 # # |a Trung tâm Học liệu Lê Vũ Hùng, Trường Đại học Đồng Tháp